000 01218nam a22003017a 4500
005 20240530110452.0
008 150407s2010 xxu g b 00| 0 eng d
017 _a2010/7837
_bمصر . دار الكتب المصرية
020 _a9789777040334
040 _aEG-CaGPL
082 0 4 _221
_a306.45\
_bس ث
100 1 _aسنو ، سى . بى .
245 1 2 _aالثقافتان /
_cتاليف سى . بى . سنو ؛ تقديم ستيفان كولينى ؛ ترجمة و تقديم مصطفى ابراهيم فهمى
250 _aط1.
260 _aالقاهرة :
_bالمركز القومى للترجمة ،
_c2010.
300 _a203 ص ؛
_c24 سم.
490 _aالمشروع القومى للترجمة ؛
_v1560
504 _aيشتمل على ارجاعات ببليوجرافية
650 0 4 _aالثقافة
650 0 4 _aالانثروبولوجيا الثقافية
650 0 4 _aالعلاقات الثقافية
650 0 4 _aالسلوك
650 0 4 _aالوعى الاجتماعى
700 1 _aكولينى ، ستيفان
_eمقدم
710 0 _aمصطفى ابراهيم فهمى
_eمترجم و مقدم
942 _2ddc
_cBK
999 _c61275
_d61275